000 00615nam a22001937a 4500
005 20171013163255.0
010 _aENG-120196
020 _c75.00
_a9788184656091
035 _aEN-103728
037 _bDBAD/PUB
082 _a280.061
100 _aVinayaraj,Y.T
245 _aTheology after hardt and negri :
_cby Y.T.Vinayaraj
_bempire,multitude,and the church /
260 _aDelhi
_bISPCK
_c2017
270 _aPost Box-1585,1654,Madarsa Road,Kashmere Gate
_bDelhi
_e110006
300 _axv,55p.
_c21cm(pbk)
500 _aIncludes bibliographical reference
942 _2ddc
_cEN
_h280.061
_mVIN
999 _c143191
_d143191